<?xml version="1.0" encoding="UTF-8"?><?xml-stylesheet type="text/xsl" href="static/style.xsl"?><OAI-PMH xmlns="http://www.openarchives.org/OAI/2.0/" xmlns:xsi="http://www.w3.org/2001/XMLSchema-instance" xsi:schemaLocation="http://www.openarchives.org/OAI/2.0/ http://www.openarchives.org/OAI/2.0/OAI-PMH.xsd"><responseDate>2026-04-17T16:42:57Z</responseDate><request verb="GetRecord" identifier="oai:riubu.ubu.es:10259/7569" metadataPrefix="marc">https://riubu.ubu.es/oai/request</request><GetRecord><record><header><identifier>oai:riubu.ubu.es:10259/7569</identifier><datestamp>2023-04-19T08:31:04Z</datestamp><setSpec>com_10259_6155</setSpec><setSpec>com_10259_4266</setSpec><setSpec>com_10259.4_106</setSpec><setSpec>com_10259_2604</setSpec><setSpec>col_10259_6156</setSpec></header><metadata><record xmlns="http://www.loc.gov/MARC21/slim" xmlns:doc="http://www.lyncode.com/xoai" xmlns:xsi="http://www.w3.org/2001/XMLSchema-instance" xmlns:dcterms="http://purl.org/dc/terms/" xsi:schemaLocation="http://www.loc.gov/MARC21/slim http://www.loc.gov/standards/marcxml/schema/MARC21slim.xsd">
<leader>00925njm 22002777a 4500</leader>
<datafield tag="042" ind1=" " ind2=" ">
<subfield code="a">dc</subfield>
</datafield>
<datafield tag="720" ind1=" " ind2=" ">
<subfield code="a">Serrano, Carlos</subfield>
<subfield code="e">author</subfield>
</datafield>
<datafield tag="720" ind1=" " ind2=" ">
<subfield code="a">Sierra Garcia, Jesús Enrique</subfield>
<subfield code="e">author</subfield>
</datafield>
<datafield tag="720" ind1=" " ind2=" ">
<subfield code="a">Santos, Matilde</subfield>
<subfield code="e">author</subfield>
</datafield>
<datafield tag="260" ind1=" " ind2=" ">
<subfield code="c">2022-11</subfield>
</datafield>
<datafield tag="520" ind1=" " ind2=" ">
<subfield code="a">Floating offshore wind turbines (FOWTs) are systems with complex and highly nonlinear&#xd;
dynamics; they are subjected to heavy loads, making control with classical strategies a challenge. In&#xd;
addition, they experience vibrations due to wind and waves. Furthermore, the control of the blade&#xd;
angle itself may generate vibrations. To address this issue, in this work we propose the design of&#xd;
an intelligent control system based on fuzzy logic to maintain the rated power of an FOWT while&#xd;
reducing the vibrations. A gain scheduling incremental proportional–derivative fuzzy controller is&#xd;
tuned by genetic algorithms (GAs) and combined with a fuzzy-lookup table to generate the pitch&#xd;
reference. The control gains optimized by the GA are stored in a database to ensure a proper operation&#xd;
for different wind and wave conditions. The software Matlab/Simulink and the simulation tool FAST&#xd;
are used. The latter simulates the nonlinear dynamics of a real 5 MW barge-type FOWT with irregular&#xd;
waves. The hybrid control strategy has been evaluated against the reference baseline controller&#xd;
embedded in FAST in different environmental scenarios. The comparison is assessed in terms of&#xd;
output power and structure stability, with up to 23% and 33% vibration suppression rate for tower&#xd;
top displacement and platform pitch, respectively, with the new control scheme. Fatigue damage&#xd;
equivalent load (DEL) of the blades has been also estimated with satisfactory results.</subfield>
</datafield>
<datafield tag="024" ind2=" " ind1="8">
<subfield code="a">http://hdl.handle.net/10259/7569</subfield>
</datafield>
<datafield tag="024" ind2=" " ind1="8">
<subfield code="a">10.3390/jmse10111769</subfield>
</datafield>
<datafield tag="024" ind2=" " ind1="8">
<subfield code="a">2077-1312</subfield>
</datafield>
<datafield ind1=" " ind2=" " tag="653">
<subfield code="a">Wind energy</subfield>
</datafield>
<datafield ind1=" " ind2=" " tag="653">
<subfield code="a">Floating wind turbine</subfield>
</datafield>
<datafield ind1=" " ind2=" " tag="653">
<subfield code="a">Pitch control</subfield>
</datafield>
<datafield ind1=" " ind2=" " tag="653">
<subfield code="a">Fuzzy logic</subfield>
</datafield>
<datafield ind1=" " ind2=" " tag="653">
<subfield code="a">Structural fatigue</subfield>
</datafield>
<datafield tag="245" ind1="0" ind2="0">
<subfield code="a">Hybrid Optimized Fuzzy Pitch Controller of a Floating Wind Turbine with Fatigue Analysis</subfield>
</datafield>
</record></metadata></record></GetRecord></OAI-PMH>